| 000 | 00752nam a22002415a 4500 | ||
|---|---|---|---|
| 006 | m||||f ||z| 00| 0 | ||
| 008 | 100906s2003 ii a|||fr|||| 001 0 eng d | ||
| 010 | _a2002110928 | ||
| 020 | _a0789727773 | ||
| 020 | _a9780789727770 | ||
| 040 |
_aEG-ScBUE _beng _cEG-ScBUE |
||
| 082 | 0 | 4 |
_a005.133 _bCOD _222 |
| 245 | 0 | 0 |
_aCodeGuru.com Visual C++ goodies / _cNigel Quinnin, subject editor. |
| 260 |
_aIndianapolis : _bQue, _cc.2003. |
||
| 300 |
_axv, 600 p. : _bill. ; _c24 cm. + _e1 CD-ROM (4 3/4 in.) |
||
| 500 | _aIndex : p. 583-600. | ||
| 590 | _ayassmeen ashraf | ||
| 650 | 0 |
_aC++ (Computer program language) _918290 _2BUEsh |
|
| 651 | _2BUEsh | ||
| 653 |
_bCOMSCI _cAugust2015 |
||
| 700 | 1 |
_aQuinnin, Nigel. _918291 |
|
| 942 |
_cBB _k005.133 COD _2ddc |
||
| 999 |
_c493 _d493 |
||